00526nai a2200157Ia 4500003000900000008004100009022002200050022002300072040001600095245003900111260003600150310001700186362002500203521006900228856007100297IN-BaIIA211028c9999 xx s 000 0 eng d a0897-4756 (Print) a1520-5002 (Online) cIIA Library 0aChemistry of Materialsh[eJournal] aWashington DCbACS Publications aSemi-monthly a8(1); 1996 - Present bSubscribed through National Knowledge Resource Consortium (NKRC) uhttps://pubs.acs.org/journal/cmatexyClick Here to Access eJournal